भाव उद्वेग और संवेदना (Record no. 1226783)

MARC details
000 -LEADER
fixed length control field 00697nam a2200205Ia 4500
005 - DATE AND TIME OF LATEST TRANSACTION
control field 20241129105948.0
008 - FIXED-LENGTH DATA ELEMENTS--GENERAL INFORMATION
fixed length control field 241129s9999||||xx |||||||||||||| ||und||
037 ## - SOURCE OF ACQUISITION
Stock number TB
040 ## - CATALOGING SOURCE
Original cataloging agency ARTS
Language of cataloging hin
Transcribing agency ARTS
041 ## - LANGUAGE CODE
Language code of text/sound track or separate title hin
Source of code hin
084 ## - COLON CLASSIFICATION NUMBER
Classification number S:5 152M4
Assigning agency ARTS
100 ## - MAIN ENTRY--PERSONAL NAME
Personal name बोरा, राजमल, ले.
245 #0 - TITLE STATEMENT
Title भाव उद्वेग और संवेदना
Statement of responsibility, etc. बोरा, राजमल, ले.
260 ## - PUBLICATION, DISTRIBUTION, ETC.
Place of publication, distribution, etc. नई दिल्ली, भारत
Name of publisher, distributor, etc. नयी नेशनल पब्लिशिंग हाउस
Date of publication, distribution, etc. 2020
300 ## - PHYSICAL DESCRIPTION
Extent 225पृ0
365 ## - TRADE PRICE
Price type code INR
Price amount 200
650 ## - SUBJECT ADDED ENTRY--TOPICAL TERM
Topical term or geographic name entry element Psychology
942 ## - ADDED ENTRY ELEMENTS (KOHA)
Koha item type Textbook
Classification part S:5 152M4
Holdings
Withdrawn status Lost status Damaged status Not for loan Home library Current library Date acquired Source of acquisition Cost, normal purchase price Inventory number Total Checkouts Full call number Barcode Date last seen Price effective from Koha item type
        Arts Library Arts Library 2024-11-29 Akshar Publishers & Distributors 200.00 727 & 28/02/2023   S:5 152M4 AL1667816 2024-11-29 2024-11-29 Textbook
Copyright @ Delhi University Library System